000 00584nam a2200241Ia 4500
003 OSt
005 20220912151319.0
006 a|||||r|||| 00| 0
007 ta
008 220909b |||||||| |||| 00| 0 eng d
024 _a52131
037 _cTextual
040 _aCSL
_beng
_cCSL
041 _aeng
082 _aI23:33, L1
100 _aTurner W B
245 0 _aFungae metabolites
260 _aLondon
_bAcademic Press
_c1971
300 _aix,446p.
_ccm.
650 _aBotany
942 _hI23:33, L1
_cTEXL
_2CC
999 _c65830
_d65830